Match the Mixed-Up Movies II Quiz Stats

Quiz Updated Dec 13, 2015

Challenge
Share
Tweet
Score 0/20 Timer 05:00
1 Play Today
% Correct
Off
97.1%
Roger
96.4%
Tiger
92.9%
Sally...
92.8%
Grape
89%
Mary
88.8%
Russia
87.2%
Life
82.3%
House
80.4%
Tap
78.6%
% Correct
Friend's
74.4%
Thunderdome
73.5%
Trek
72.7%
Jima
68.7%
Get
67.8%
Hot
65.9%
Live
61.2%
13
60.6%
Will
58.4%
Jordan
46.7%

You're not logged in!

Compare scores with friends on all Sporcle quizzes.
Join for Free
OR
Log In

You Might Also Like...

Show Comments

Extras

Top Quizzes Today


Score Distribution

Your Account Isn't Verified!

In order to create a playlist on Sporcle, you need to verify the email address you used during registration. Go to your Sporcle Settings to finish the process.

Report this User

Report this user for behavior that violates our Community Guidelines.

Details: